000 00679nab a2200205 4500
001 244442
003 OSt
005 20260114103853.0
007 tu
008 260114s2020|||||||
040 _aDE-2950
_cDE-2950
245 0 0 _a38 Jahre junges Baudenkmal
_bImmobilie. Um die Konzerthallen-Sanierung gab es zuletzt viel Aufregung. Jetzt hat das Land erklärt, warum auch der noch junge Anbau unter Schutz gestellt wurde/
_cNicole Buhlau
264 _c2025
653 _aFrankfurt (Oder)
653 _aKonzerthalle
653 _aDenkmalschutz
653 _aAnbau
773 0 _g37. Jahrgang (2026) Nr. 4 vom 06.01.2026 , S. 16 mit Foto
_tMärkische Oderzeitung
942 _2z
_cA
999 _c374196
_d374196